Changes in attitudes and approaches to the philosophy of planning. <The> case of France.

Šmruktúra a fungovanie Francúzskej Plánovacej Komisie a jej úlohy a náplň činnosti. Rast rozsahu jej pôsobenia a podstata problémov, ktoré rieši. Používané nástroje a metódy. 40 ročná praktická skúsenosť Komisie. Úloha Komisie pri rozširovaní nových myšlienok a modernizácií prognóz. Francúzsky príst...

Descripción completa

Guardado en:
Detalles Bibliográficos
Autor principal: Hatem, F.
Formato: Capítulo de libro
Lenguaje:inglés
Materias:
Etiquetas: Agregar Etiqueta
Sin Etiquetas, Sea el primero en etiquetar este registro!

MARC

LEADER 00000naa a2200000 4500
001 r009728
005 20221213084936.6
041 0 |a eng 
044 |a GB 
245 1 0 |a Changes in attitudes and approaches to the philosophy of planning.  |b <The> case of France.  |c F. Hatem 
520 |a Šmruktúra a fungovanie Francúzskej Plánovacej Komisie a jej úlohy a náplň činnosti. Rast rozsahu jej pôsobenia a podstata problémov, ktoré rieši. Používané nástroje a metódy. 40 ročná praktická skúsenosť Komisie. Úloha Komisie pri rozširovaní nových myšlienok a modernizácií prognóz. Francúzsky prístup k "plánovaniu cestou dialógu". 
610 2 0 |a plánovanie 
610 2 0 |a Francúzsko 
610 2 0 |a prognózovanie 
610 2 0 |a modernizácia 
610 2 0 |a nástroje plánovania 
610 2 0 |a dejiny hospodárske 
610 2 0 |a 1946-1992 
100 1 |a Hatem, F.